History Quiz

Random History or Discovery Quiz

Apollo 11 Quiz Stats

 Plays Quiz Updated Dec 22, 2011

Score 0/24 Timer 05:00
0 Plays Today
Clue Answer % Correct
1st person on moon, commanderNeil Armstrong
97.8%
2nd person on moon, lunar module pilotEdwin Aldrin
87.4%
Launch siteCape Kennedy, FL
69.6%
U.S. President at time of missionRichard Nixon
66.2%
Lunar Module (lander)The Eagle
57.3%
Command module pilot (did not walk on moon)Michael Collins
49.1%
Landing siteSea of Tranquility
48.6%
Date Landed on the moon (month day, year)July 20, 1969
44%
Splashdown sitePacific Ocean (13ºN, 159ºW)
41.1%
Rocket used for launchSaturn V
38.3%
Launch date (month day, year)July 16, 1969
37.2%
Time spent on lunar surface (in hours)21 hours, 38 minutes
35.1%
Clue Answer % Correct
Date returned to Earth (month day, year)July 24, 1969
34.9%
Number of orbits around MoonThirty
27.2%
Backup Crew- commanderJim Lovell
20.9%
Command Module (orbiter)Columbia
14.9%
Backup Crew- lunar module pilotFred Haise
8.7%
Retrieval shipU.S.S. Hornet
8.2%
Duration of mission (in hours)195 hours, 18 minutes
8%
CAPCOM- LandingCharlie Duke
5.1%
Backup Crew- command module pilotWilliam Anders
3.4%
CAPCOM- LaunchRon Evans
2%
CAPCOM- EVABruce McCandless
1.7%
CAPCOM- Post-EVAOwen Garriot
1.4%

You're not logged in!

Compare scores with friends on all Sporcle quizzes.
OR
Log In

Sporcle TV

Today on Sporcle TV


Watch our educational content, quiz creation guides, and fun videos on Sporcle TV.

Show Comments

Extras

Top Quizzes Today


Score Distribution

Your Account Isn't Verified!

In order to create a playlist on Sporcle, you need to verify the email address you used during registration. Go to your Sporcle Settings to finish the process.

Report this User

Report this user for behavior that violates our Community Guidelines.

Details: